| 000 | 00501nam a2200181Ia 4500 | ||
|---|---|---|---|
| 001 | 20574 | ||
| 005 | 20260306172816.0 | ||
| 008 | 260306t2021||||xx |||||||||||||| ||spa|| | ||
| 041 | _aESP | ||
| 082 |
_a343.4 _bM26 |
||
| 100 |
_aMardon Zárate, Guillermo, _eAUT |
||
| 245 | 0 | _a¿Reforma o revolución?los dilemas del debate para una reforma constitucional en el Bicentenario | |
| 260 | _c2021 | ||
| 300 |
_a247 páginas : _c24 cm. |
||
| 650 | _aGEN | ||
| 654 | _aCDE | ||
| 942 |
_cLIB _dJUS _fJUS _2ddc _n |
||
| 999 |
_c20574 _d20574 |
||